| 000 | 01147cam a2200265 4500 | ||
|---|---|---|---|
| 001 | J3337 | ||
| 008 | 090401t1995 xxu||||| |||| 00| 0 eng d | ||
| 035 | _a(Sirsi) u54492 | ||
| 041 | _aeng | ||
| 050 | _a690.0285 | ||
| 110 |
_aConstruction IT Forum _91424 |
||
| 245 | _aBuilding IT 2005: a multi-media presentation of experts` views on information technology in the construction industry to the year 2005. (Full report) | ||
| 260 |
_aCambridge _bCRC Ltd. _c1995 |
||
| 300 | _aca.100 leaves ; 30cm. | ||
| 350 | _a50 | ||
| 520 | _aTextual reproduction of a multimedia version available on CD-ROM, which can be obtained from the Construction Industry Computing Association. The Construction IT Forum is sponsored by representative bodies including the DoE, the Construction Industry Council and the CICA, which provides the Forum secretariat. | ||
| 650 | _aBUILDING IT 2005 | ||
| 650 | _aCOMPUTERS | ||
| 650 | _aCONSTRUCTION INDUSTRY | ||
| 650 | _aMANAGEMENT-BUSINESS MANAGEMENT-INFORMATION MANAGEMENT | ||
| 650 | _aMULTIMEDIA | ||
| 690 | _aMANAGEMENT-BUSINESS MANAGEMENT-INFORMATION MANAGEMENT | ||
| 942 | _n0 | ||
| 948 | _c04/03/1997 | ||
| 999 |
_c93480 _d93480 |
||